| 000 | 00876cam a22002653a 4500 | ||
|---|---|---|---|
| 001 | 16829 | ||
| 003 | PGUSA | ||
| 005 | 20140828083347.0 | ||
| 008 | 051008s2005||||xxu|||||s|||||000 | eng d | ||
| 040 |
_aPGUSA _beng |
||
| 042 | _adc | ||
| 050 | 4 | _aCB | |
| 100 | 1 |
_aHuizinga, Johan, _d1872-1945 |
|
| 245 | 1 | 0 |
_aHerfsttij der Middeleeuwen : _bStudie over levens- en gedachtervormen der veertiende en vijftiende eeuw in Frankrijk en de Nederlanden _h[electronic resource] / _cJohan Huizinga |
| 260 |
_bProject Gutenberg, _c2005 |
||
| 506 | _aPublic domain in the USA. | ||
| 516 | _aElectronic text | ||
| 653 | _aNetherlands -- Social life and customs | ||
| 653 | _aCivilization, Medieval | ||
| 653 | _aFrance -- Social life and customs | ||
| 653 | _aMiddle Ages | ||
| 830 | 0 |
_aProject Gutenberg _v16829 |
|
| 856 | 4 | 0 | _uhttp://www.gutenberg.org/ebooks/16829 |
| 942 | _cEB | ||
| 999 |
_c246084 _d246084 |
||